Prace w ramach międzynarodowej współpracy z zakresu technologii laserowych, technik wytwarzania i kontroli jakości : (Rekord nr 31672)
| 000 -ETYKIETA REKORDU | |
|---|---|
| podpole kontrolne o stałej długości | 00889nam a2200193 i 4500 |
| 001 - NUMER KONTROLNY REKORDU | |
| pole kontrolne | bg |
| 040 ## - ŹRÓDŁO KATALOGOWANIA | |
| Instytucja, która utworzyła rekord | BPK |
| 041 0# - KOD JĘZYKA | |
| Kod języka tekstu | pl |
| Kod języka streszczenia lub abstraktu | enpl |
| 080 ## - UNIWERSALNA KLASYFIKACJA DZIESIĘTNA - UKD | |
| UKD | 621.7:621.9](061.3) |
| 008 - POLE O STAŁEJ DŁUGOŚCI - DANE KONTROLNE | |
| podpole kontrolne o stałej długości | s pl f |000 0 pol |
| 245 #0 - TYTUŁ/ODPOWIEDZIALNOŚĆ | |
| Tytuł | Prace w ramach międzynarodowej współpracy z zakresu technologii laserowych, technik wytwarzania i kontroli jakości : |
| Ciąg dalszy tytułu | referaty przedstawione na zebraniu Sekcji Podstaw Technologii w Politechnice Świętokrzyskiej w dniach 14-15 kwietnia 1997 r. / |
| Pozostałe elementy strefy tytułu i oznaczenia odpowiedzialności | Sekcja Podstaw Technologii Komitetu Budowy Maszyn PAN, Wydział Mechaniczny PŚ, Centrum Laserowych Technologii Metali PŚ i PAN. |
| 260 ## - STREFA ADRESU WYDAWNICZEGO | |
| Miejsce wydania | Kielce : |
| Nazwa wydawcy/dystrybutora | PŚ, |
| Data publikacji, dystrybucji/powstania dokumentu | 1997. |
| 300 ## - STREFA OPISU FIZYCZNEGO | |
| Objętość | 174 s. : |
| Inne cechy fizyczne | fot., rys., wykr. ; |
| Rozmiary | 24 cm. |
| 504 ## - UWAGA DOTYCZĄCA BIBLIOGRAFII | |
| Informacje o bibliografii | Bibliogr., streszcz., summ. przy ref. -Indeks słów kluczowych. |
| 650 #9 - HASŁO PRZEDMIOTOWE W FORMIE NAZWY OGÓLNEJ LUB JEDNOSTKOWEJ | |
| Nazwa ogólna lub geograficzna | Technologia |
| 650 #9 - HASŁO PRZEDMIOTOWE W FORMIE NAZWY OGÓLNEJ LUB JEDNOSTKOWEJ | |
| Nazwa ogólna lub geograficzna | Skrawanie |
| 655 ## - TERMIN INDEKSOWY - OKREŚLENIE RODZAJU/FORMY DOKUMENTU | |
| Określenie rodzaju/formy dokumentu | Materiały konferencyjne |
| 856 ## - LOKALIZACJA I DOSTĘP DO ELEKTRONICZNYCH DOKUMENTÓW ZDALNYCH | |
| Link (URL) | http://koha.tu.koszalin.pl/cgi-bin/koha/opac-detail.pl?biblionumber=31672 |
| Tekst linku | Katalog online BPK |
| 942 ## - DODATKOWE ELEMENTY (KOHA) | |
| Typ dokumentu | Książka |
| Wycofany | Status egzemplarza | Uszkodzony | Dostępność | Lokalizacja stała | Lokalizacja bieżąca | Miejsce przechowywania | Sygnatura | Kod kreskowy | Typ dokumentu |
|---|---|---|---|---|---|---|---|---|---|
| Dostępny | Biblioteka Politechniki Koszalińskiej | Biblioteka Politechniki Koszalińskiej | Wypożyczalnia BG | 39065 | 01269413 | Książka |
